Language Quiz

Random Language or Letter Quiz

There Can Be Only 'N' Quiz Stats

Quiz Updated Oct 10, 2014

Challenge
Share
Tweet
Embed
Score 0/24 Timer 06:00
2 Plays Today
Clue (Length) Answer % Correct
Lightswitch setting (2)On
98.9%
12:00 PM (4)Noon
94.8%
Catholic Sister (3)Nun
93.5%
Not any (4)None
93.2%
Spanish number or card game (3)Uno
92.5%
Article before a vowel (2)An
92.5%
Number of baseball fielding positions (4)Nine
91.5%
Enclosed or surrounded (2)In
91.4%
Lennon's wife (3)Ono
90.8%
____, Meeny, Miney, Moe (4)Eeny
89.3%
A noble gas (4)Neon
87.6%
Child care provider (5)Nanny
84.1%
Clue (Length) Answer % Correct
Bill, the Science Guy (3)Nye
83.1%
Tolstoy's Karenina (4) Anna
81.5%
One of Columbus' ships (4)Nina
81%
Musical featuring 'Tomorrow' (5)Annie
80.6%
Green Gables girl (4)Anne
80.4%
Satirical news site named for a vegetable (5)Onion
80%
Extremely long time (3)Eon
79.2%
Keanu Reeves' Matrix character (3)Neo
78.4%
Song by U2, Metallica or Three Dog Night (3)One
67.4%
Organized Labour unit (5)Union
66.5%
Whichever person (6)Anyone
65.4%
Idiot, dolt (5)Ninny
50%

You're not logged in!

Compare scores with friends on all Sporcle quizzes.
Join for Free
OR
Log In

You Might Also Like...

Show Comments

Extras

Top Quizzes Today


Score Distribution

Your Account Isn't Verified!

In order to create a playlist on Sporcle, you need to verify the email address you used during registration. Go to your Sporcle Settings to finish the process.

Report this User

Report this user for behavior that violates our Community Guidelines.

Details: